[Event "WA State-ch"]
[Site "South Perth"]
[Date "2006.07.02"]
[Round "1"]
[White "Jones, Naison"]
[Black "Kueh, Michael"]
[Result "1/2-1/2"]
[WhiteElo "1362"]
[BlackElo "1868"]
[PlyCount "63"]
[EventDate "2006.07.02"]
[EventType "swiss"]
[EventRounds "9"]
[EventCountry "AUS"]
[SourceTitle "EXT 2008"]
[Source "ChessBase"]
[SourceDate "2007.11.25"]
[SourceVersion "1"]
[SourceVersionDate "2007.11.25"]
[SourceQuality "1"]

1. e4 Nf6 2. Nc3 d6 3. f4 Bg4 4. Nf3 Nc6 5. Be2 e5 6. d3 Be7 7. Be3 Qd7 8. fxe5 dxe5 9. 0-0 0-0 10. Qe1 Bxf3 11. Bxf3 Nd4 12. Bd1 Ng4 13. Bd2 Bc5 14. Kh1 f6 15. Qg3 h5 16. h3 Kf7 17. hxg4 hxg4 18. Be3 Rh8+ 19. Kg1 Nf3+ 20. Rxf3 gxf3 21. Bxc5 fxg2 22. Kxg2 Rh6 23. Bg4 Qc6 24. Be3 g5 25. Rh1 Rxh1 26. Kxh1 Rh8+ 27. Kg2 b5 28. Qf2 a5 29. Kf1 Rh1+ 30. Ke2 b4 31. Nd5 Qxc2+ 32. Bd2 1/2-1/2

[Event "Perth Respini-A"]
[Site "Perth"]
[Date "2005.10.27"]
[Round "8"]
[White "Kueh, Michael"]
[Black "Lilly, Richard"]
[Result "1/2-1/2"]
[WhiteElo "1863"]
[BlackElo "1825"]
[PlyCount "110"]
[EventDate "2005.09.01"]
[EventType "tourn"]
[EventRounds "9"]
[EventCountry "AUS"]
[SourceTitle "EXT 2010"]
[Source "ChessBase"]
[SourceDate "2010.11.25"]
[SourceVersion "1"]
[SourceVersionDate "2010.11.25"]
[SourceQuality "1"]

1. d4 Nf6 2. c3 d5 3. Bg5 Ne4 4. Bf4 Nd7 5. f3 Nef6 6. Nd2 Nh5 7. Bg5 f6 8. Bh4 g5 9. Bf2 Nb6 10. e3 Be6 11. Bd3 Qd7 12. Qc2 f5 13. Ne2 0-0-0 14. 0-0-0 Nf6 15. h4 Bh6 16. hxg5 Bxg5 17. Nf4 Bxf4 18. exf4 Kb8 19. Nb3 Qd6 20. g3 Rdf8 21. Rde1 Bc8 22. Qe2 Rf7 23. Kb1 h5 24. Rh4 Na4 25. Bb5 Nb6 26. Qe5 a6 27. Qxd6 exd6 28. Bd3 Nc4 29. Kc2 b6 30. Nd2 Nxd2 31. Kxd2 Rhh7 32. Reh1 Re7 33. g4 fxg4 34. Bxh7 Rxh7 35. fxg4 Bxg4 36. Kc1 Ne4 37. Rxg4 Nxf2 38. Rg8+ Kb7 39. Rf1 Ne4 40. f5 Rf7 41. Rh8 Kc6 42. Rf3 Nf6 43. Rh6 a5 44. Kc2 a4 45. a3 Kb5 46. Kd3 Kc6 47. Rf4 Kd7 48. Rg6 Ke7 49. Ke2 Rh7 50. Rh4 Kf7 51. Kf3 Rh8 52. Rg2 Rh7 53. Kf4 Rh8 54. Rg6 Rh7 55. Rg2 Rh8 1/2-1/2

[Event "Perth Respini-A"]
[Site "Perth"]
[Date "2005.09.08"]
[Round "2"]
[White "Kueh, Michael"]
[Black "Fedec, John"]
[Result "0-1"]
[WhiteElo "1863"]
[BlackElo "1858"]
[PlyCount "86"]
[EventDate "2005.09.01"]
[EventType "tourn"]
[EventRounds "9"]
[EventCountry "AUS"]
[SourceTitle "EXT 2010"]
[Source "ChessBase"]
[SourceDate "2010.11.25"]
[SourceVersion "1"]
[SourceVersionDate "2010.11.25"]
[SourceQuality "1"]

1. e3 e5 2. d4 exd4 3. exd4 d5 4. c4 Nf6 5. Nc3 Bb4 6. a3 Bxc3+ 7. bxc3 0-0 8. Nf3 Re8+ 9. Be2 Ne4 10. Bb2 dxc4 11. 0-0 Be6 12. Ne5 b5 13. a4 c6 14. Bf3 Bd5 15. Bxe4 Bxe4 16. Qg4 Bd5 17. Rfe1 f6 18. Nf3 Nd7 19. Nh4 Nb6 20. Nf5 g6 21. a5 Na4 22. Ba3 Kh8 23. Ne7 c5 24. Qf4 Rxe7 25. Qxf6+ Rg7 26. Qe5 Bc6 27. f3 Qd5 28. Qf6 Kg8 29. Re5 Rf7 30. Qg5 Qd7 31. d5 Bb7 32. Qe3 Nxc3 33. Qxc3 b4 34. Qxc4 bxa3 35. a6 Bc8 36. Rae1 Rb8 37. Re8+ Rf8 38. d6+ Qf7 39. Qxf7+ Kxf7 40. R1e7+ Kg8 41. Rxf8+ Kxf8 42. Rxh7 a2 43. Kf2 a1Q 0-1

[Event "West Australia-ch"]
[Site "South Perth"]
[Date "2005.07.31"]
[Round "5"]
[White "Kueh, Michael"]
[Black "Hare, Tim"]
[Result "1/2-1/2"]
[WhiteElo "1860"]
[BlackElo "2097"]
[PlyCount "115"]
[EventDate "2005.07.03"]
[EventType "swiss"]
[EventRounds "9"]
[EventCountry "AUS"]
[SourceTitle "EXT 2009"]
[Source "ChessBase"]
[SourceDate "2008.11.26"]
[SourceVersion "1"]
[SourceVersionDate "2008.11.26"]
[SourceQuality "1"]

1. f4 Nf6 2. Nf3 g6 3. b3 Bg7 4. Bb2 0-0 5. e3 c5 6. Be2 d6 7. 0-0 Nc6 8. Nc3 a6 9. a4 Rb8 10. Qc1 Bd7 11. Bc4 Na5 12. Nd5 Nxc4 13. bxc4 b5 14. Nxf6+ exf6 15. axb5 axb5 16. cxb5 Bxb5 17. Re1 Qd7 18. Bc3 Bc6 19. Rf1 Rb7 20. Rb1 Bb5 21. Re1 Rfb8 22. d3 d5 23. Qd2 h6 24. Rb2 Bc6 25. Reb1 d4 26. Rxb7 Rxb7 27. Rxb7 Bxb7 28. exd4 Bxf3 29. gxf3 cxd4 30. Bb4 f5 31. c4 dxc3 32. Bxc3 Qa7+ 33. d4 Qb7 34. Kg2 Qd5 35. Kg3 Bf6 36. Qe3 Kg7 37. Qd2 h5 38. h3 h4+ 39. Kg2 Kh6 40. Qe3 Qa2+ 41. Kg1 Qd5 42. Kg2 Kg7 43. Be1 Qe6 44. Bf2 Qxe3 45. Bxe3 Kf8 46. Kf2 Ke7 47. Ke2 Kd6 48. Kd3 Kd5 49. Bf2 Bd8 50. Be1 Be7 51. Bf2 Bf6 52. Be3 Bd8 53. Bf2 Bc7 54. Bxh4 Bxf4 55. Bf6 g5 56. Bd8 Bc1 57. Bf6 Bf4 58. Bd8 1/2-1/2

[Event "West Australia-ch"]
[Site "South Perth"]
[Date "2005.07.24"]
[Round "4"]
[White "Kueh, Michael"]
[Black "Barber, Haydn J"]
[Result "1/2-1/2"]
[WhiteElo "1860"]
[BlackElo "2143"]
[PlyCount "46"]
[EventDate "2005.07.03"]
[EventType "swiss"]
[EventRounds "9"]
[EventCountry "AUS"]
[SourceTitle "EXT 2009"]
[Source "ChessBase"]
[SourceDate "2008.11.26"]
[SourceVersion "1"]
[SourceVersionDate "2008.11.26"]
[SourceQuality "1"]

1. f4 d5 2. g3 g6 3. Bg2 Bg7 4. Nf3 c6 5. 0-0 Qb6+ 6. e3 h5 7. d4 Nh6 8. Na3 Nd7 9. c4 Nf6 10. cxd5 cxd5 11. Ne5 0-0 12. Qb3 Qxb3 13. axb3 Rd8 14. Nb5 a6 15. Nc3 e6 16. Na4 Nd7 17. Bd2 Bxe5 18. fxe5 Nf5 19. Rac1 a5 20. Nc5 Nxc5 21. Rxc5 b6 22. Rc7 Ba6 23. Rfc1 Rdc8 1/2-1/2

[Event "WA State-ch"]
[Site "Perth"]
[Date "2004.??.??"]
[Round "7"]
[White "Kueh, Michael"]
[Black "Whitehead, Paul"]
[Result "1-0"]
[WhiteElo "1870"]
[BlackElo "1650"]
[PlyCount "111"]
[EventDate "2004.??.??"]
[EventType "swiss"]
[EventRounds "9"]
[EventCountry "AUS"]
[SourceTitle "EXT 2007"]
[Source "ChessBase"]
[SourceDate "2006.11.23"]
[SourceVersion "1"]
[SourceVersionDate "2006.11.23"]
[SourceQuality "1"]

1. f4 d5 2. g3 Nf6 3. Bg2 Bf5 4. c4 c6 5. Qb3 Qd7 6. Nf3 e6 7. 0-0 Bd6 8. d4 0-0 9. Nbd2 c5 10. Ne5 Qe7 11. e3 cxd4 12. exd4 Nc6 13. Nxc6 bxc6 14. c5 Rab8 15. cxd6 Qxd6 16. Qc3 Rfc8 17. Nb3 Rb4 18. Qc5 Qb8 19. Bd2 Rc4 20. Qa5 Bc2 21. Bc3 Bxb3 22. axb3 Qxb3 23. Rfc1 c5 24. dxc5 R4xc5 25. Qxa7 h6 26. Qa4 Qb6 27. Qd4 Qd6 28. Bd2 Nd7 29. Rxc5 Qxc5 30. Qxc5 Rxc5 31. Rc1 f6 32. Rxc5 Nxc5 33. b4 Nd7 34. Be3 Kf7 35. Kf2 Ke7 36. Ke2 Kd6 37. Bh3 e5 38. Bxd7 Kxd7 39. Bc5 g6 40. Bf8 h5 41. fxe5 fxe5 42. Kd3 Kc6 43. Bg7 Kd6 44. b5 e4+ 45. Kd4 e3 46. Kxe3 Kc5 47. b6 Kxb6 48. Kd4 Kc6 49. Bf8 g5 50. h3 g4 51. h4 Kd7 52. Kxd5 Ke8 53. Bd6 Kf7 54. Ke5 Kg6 55. Ke6 Kh7 56. Kf5 1-0